000 00769nam a2200265 a 4500
001 71677
003 BD-RjUL
005 20211209082139.0
008 170507s1969 nyua b 001 0 eng d
035 _a(BD-RjUL)71893
040 _aDLC
_cDLC
_dBD-RjUL
_beng
041 _aeng
082 0 0 _a531
_223
_bAHM 1968
100 _aAhmed, Sultan
_9212071
245 1 0 _aMechanics and properties of matter /
_cSultan Ahmed & Amal Kumar Nath
250 _a2nd rev. ed.
260 _aDacca :
_bThe Star Press,
_c1968.
300 _a324 p. :
_bill. ;
_c23 cm.
504 _aBibliographical footnotes & Index.
650 0 _aMechanics
_9212072
650 0 _aMathematical physics.
_9212073
700 _aNath, Amal Kumar
_9212074
942 _2ddc
_cBK
999 _c71677
_d71677